Emergencies in ENT

Saved in:
Bibliographic Details
Main Author: VEDANTAM, Rupa
Format: Book
Language:English
Published: Byword Books 2010
Tags: Add Tag
No Tags, Be the first to tag this record!

MARC

LEADER 00000nam a22000007a 4500
008 210125b ||||| |||| 00| 0 eng d
020 |a 978-81-8193-047-7 
100 |a VEDANTAM, Rupa 
245 |a Emergencies in ENT  |c Rupa Vedantam 
260 |b Byword Books  |c 2010  |h Delhi:   |i 689674   |l RF46 .V51  |m Otolaryngology. 
942 |a lcc  |c BK  |e Mr ogunleye 
952 |0 0  |1 0  |2 lcc  |4 0  |6 RF0046 V51  |7 0  |9 1661  |a HOL  |b HOL  |d 2021-01-25  |l 0  |o RF46 .V51  |p 2021-0447  |r 2021-01-25 00:00:00  |w 2021-01-25  |y BK 
999 |c 882  |d 882